Missing Word: Brad Pitt Quiz Stats

 Plays Quiz Updated Sep 11, 2017

Challenge
Share
Tweet
Embed
Score 0/20 Timer 02:00
3 Plays Today
Movie Missing Word % Correct
Mr. and Mrs. _______Smith
93.9%
The _______ Case of Benjamin ButtonCurious
90.3%
Fight _______Club
88.4%
_______ ElevenOcean's
87.2%
_______ Basterds Inglourious
85.2%
______ & LouiseThelma
84.1%
Burn _______ ReadingAfter
82.6%
A _______ Runs Through ItRiver
78.8%
Meet _______ BlackJoe
77.7%
_______ With the VampireInterview
64.4%
Movie Missing Word % Correct
Seven Years in _______Tibet
59.8%
Legends of the _______Fall
56.6%
Twelve _______Monkeys
48.9%
Spy _______Game
39.5%
_______ RomanceTrue
31%
The Devil's _______Own
14.1%
The Dark Side of the _______Sun
12.2%
Cool _______World
10.7%
_______ SuedeJohnny
5.3%
_______ ClassCutting
2.8%

Today's Daily Dose

You're not logged in!

Compare scores with friends on all Sporcle quizzes.
OR
Log In

You Might Also Like...

Show Comments

Extras

Top Quizzes Today


Score Distribution

Your Account Isn't Verified!

In order to create a playlist on Sporcle, you need to verify the email address you used during registration. Go to your Sporcle Settings to finish the process.

Report this User

Report this user for behavior that violates our Community Guidelines.

Details: